Tilastot visalle Yleistieto #62

Klikkaa tästä pelataksesi tätä visaa!

Yleistilastot

  • Tätä visaa on pelattu 313 kertaa
  • Keskiarvotulos 7 / 12

Vastaustilastot

VinkkiVastaus% Oikein
Mikä on Ahvenanmaan suurin kaupunki?Maarianhamina
92%
Millä lyhenteenä maailman terveysjärjestö tunnetaan?WHO
88%
^Kuka sen kehitti?Albert Einstein
87%
Minkä teorian kaava on E=m2?Suhteellisuusteorian
73%
Kuka on Guns'n Rosesin laulaja?Axl Rose
62%
Mistä kaupungista tulee jääkiekkojoukkue Canucks?Vancouverista
58%
Missä maassa on Mombasa?Keniassa
57%
Kuka juonsi BumtsiBum!-ohjelmaa 1997-2005?Marco Bjurström
57%
Miksi kutsutaan talonpoikien kapinaa aatelistoa ja sotaväkeä vastaan 1596-1597?Nuijasota
57%
Kuka on Simpsoneiden uskovainen naapuri piirrossarjassa?Ned Flanders
56%
Kuka oli Richard Nixonin varapresidentti?Gerald Ford
28%
Mikä oli Slovakian rahayksikkö ennen euroa?Slovakian koruna
14%

Tulosjakauma

Persentiili vastausten määrän mukaan

Jokaisen tuloksen saaneiden osuus

Tuloshistoriasi

Et ole pelannut tätä visaa